| 000 | 00451nam a2200145 a 4500 | ||
|---|---|---|---|
| 001 | 634 | ||
| 003 | CDMR | ||
| 005 | 20130704122519.0 | ||
| 008 | 130130s1973||||||||||||||||||||||||||||d | ||
| 040 |
_aCDMR _bcat _cCPC GIRONA |
||
| 100 | 1 |
_aMartín Vivaldi, Gonzalo _9478 |
|
| 245 | 1 | 0 |
_aCurso de redacción. Del pensamiento a la palabra _bTeoría y práctica de la composición y del estilo _cMartin Vivaldi, Gonzalo |
| 260 |
_c1973 _bParaninfo |
||
| 942 |
_cMON _2udc |
||
| 999 |
_c634 _d634 |
||